000 00551nam a2200169 i 4500
001 55954
003 ES-MaACL
005 20230906163244.0
007 t|
008 031001s1911 sp ||||1| spa d
100 1 _aDíaz Fernández, Valero.
_944278
245 1 0 _aMemoria leída en el Círculo de la Juventud Liberal
_b: [la revolución desde arriba] /
_cpor Valero Díaz Fernández.
260 _aMadrid :
_b[s.n.],
_c1911 (
_fImpr. Militar)
300 _a21 p. ;
_c21 cm.
740 3 _aLa revolución desde arriba.
852 _aES-MaACL
_jT-1241-F-3
999 _c55954
_d55954